The Irish War of Independence

Αποθηκεύτηκε σε:
Λεπτομέρειες βιβλιογραφικής εγγραφής
Κύριος συγγραφέας: Hopkinson, Michael
Μορφή: Βιβλίο
Γλώσσα:English
Δημοσίευση: Dublin : Gill & Macmillan, 2004.
Θέματα:
Ετικέτες: Προσθήκη ετικέτας
Δεν υπάρχουν, Καταχωρήστε ετικέτα πρώτοι!

MARC

LEADER 00000nam a2200000 a 4500
001 1/126960
008 230704s2004####ie | ||| |||| ||eng||
020 |a 9780717137411 
040 |a GR-MyUa  |b gre  |c GR-MyUa  |e AACR2 
041 0 |a eng 
082 7 |a 941.5  |2 (23) 
100 1 |a Hopkinson, Michael. 
245 1 4 |a The Irish War of Independence /   |c Michael Hopkinson.  
260 |a Dublin :   |b Gill & Macmillan,   |c 2004.  
300 |a 274 σ. ;   |c 20 εκ.  
504 |a Περιλαμβάνει βιβλιογραφία και ευρετήριο.  
651 0 |a Ireland  |x History  |y War of Independence, 1919-1921. 
651 0 |a Ireland  |x Relations  |z Great Britain. 
651 0 |a Great Britain  |x Relations  |z Ireland. 
852 |a INST  |b LESVOS  |e 20230704  |h 941.5 HOP  |p 005100064901  |q 005100064901  |t BK  |y 0 
970 |a Δημάκη  |b Μαρία  |z 04-07-2023